|
|
|
|
| LEADER |
01849nam a2200457 i 4500 |
| 001 |
EBC1565148 |
| 003 |
MiAaPQ |
| 005 |
20200520144314.0 |
| 006 |
m o d | |
| 007 |
cr cnu|||||||| |
| 008 |
131213r20132003enk ob 000 0 eng|d |
| 020 |
|
|
|z 9780700713448
|
| 020 |
|
|
|a 9781315028439
|q (electronic bk.)
|
| 035 |
|
|
|a (MiAaPQ)EBC1565148
|
| 035 |
|
|
|a (Au-PeEL)EBL1565148
|
| 035 |
|
|
|a (CaPaEBR)ebr10806669
|
| 035 |
|
|
|a (CaONFJC)MIL545572
|
| 035 |
|
|
|a (OCoLC)869091710
|
| 040 |
|
|
|a MiAaPQ
|b eng
|e rda
|e pn
|c MiAaPQ
|d MiAaPQ
|
| 043 |
|
|
|a f-sa---
|a i------
|
| 050 |
|
4 |
|a HF1613.4.Z4
|b I53 2013
|
| 245 |
0 |
4 |
|a The Indian Ocean Rim :
|b southern Africa and regional co-operation /
|c edited by Gwyn Campbell.
|
| 264 |
|
1 |
|a London :
|b Routledge,
|c 2013.
|
| 264 |
|
4 |
|c 2003
|
| 300 |
|
|
|a 1 online resource (275 pages).
|
| 336 |
|
|
|a text
|2 rdacontent
|
| 337 |
|
|
|a computer
|2 rdamedia
|
| 338 |
|
|
|a online resource
|2 rdacarrier
|
| 440 |
|
0 |
|a RoutledgeCurzon--IIAS Asian studies series
|
| 500 |
|
|
|a First published 2003 by RoutledgeCurzon.
|
| 504 |
|
|
|a Includes bibliographical references.
|
| 588 |
|
|
|a Description based on online resource; title from PDF title page (ebrary, viewed December 6, 2013).
|
| 590 |
|
|
|a Electronic reproduction. Ann Arbor, MI : ProQuest, 2015. Available via World Wide Web. Access may be limited to ProQuest affiliated libraries.
|
| 610 |
2 |
0 |
|a Indian Ocean Rim (Association)
|x History.
|
| 651 |
|
0 |
|a South Africa
|x Foreign economic relations
|z Indian Ocean Region.
|
| 651 |
|
0 |
|a Indian Ocean Region
|x Foreign economic relations
|z South Africa.
|
| 651 |
|
0 |
|a Indian Ocean Region
|x Economic integration.
|
| 655 |
|
4 |
|a Electronic books.
|
| 700 |
1 |
|
|a Campbell, Gwyn,
|d 1952-
|
| 797 |
2 |
|
|a ProQuest (Firm)
|
| 856 |
4 |
0 |
|u https://ebookcentral.proquest.com/lib/matrademy/detail.action?docID=1565148
|z Click to View
|